00429nam a2200145Ia 4500008004100000020001500041041000800056082001600064100002400080245007600104250000600180260005100186300001400237650003200251210716s1993 xx 000 0 und d a818601117X aeng a004.68 BASS aBasandra, Suresh K. aLocal area networks: a managerial perspective.bManagerial perspective. a1 aNew DelhibGalgotia Publications Pvt Ltdc1993 axxvii,358 aLocal Area Networks(004.68)